Datum a čas kvízu
15.5
Celkem bodů
Celkový počet nahraných bodů na tomto kvízu bez doplňovacích otázek.
8.
Pořadí na kvízu
Konečné umístění týmu na tomto kvízu.
Zaznamenané odpovědi
| # | Otázka | Odpověď | Body | Výsledky |
|---|---|---|---|---|
| 1. | Minulý týden jsme sledovali po... | v Turecku | 0 | |
| 2. | Parlamentní volby v Maďarsku s... | TISZA | 0 | |
| 3. | Kterému rapperovi byl zakázán... | Kanyemu Westovi | 0 | |
| 4. | Americký Federální úřad pro le... | A | 1 | |
| 5. | Desátý hráč žebříčku ATP utrpě... | Daniil Medveděv | 0 | |
| 6. | Vaším prvním úkolem v dnešním... | 1C 2A 3D 4B | 0 | |
| 7. | Poznejte gangsterku dle stručn... | Dannyho parťáci (Ocean's Eleven) | 0 | |
| 8. | Italští herci Carlo Pedersoli... | Bud Spencer a Terence Hill | 0 | |
| 9. | Gangster, na kterého se ptáme,... | Jabba Hutt | 0 | |
| 10. | Uveďte jméno i příjmení postav... | John Wick | 0 |